Normal view
MARC view
Entry Personal Name
001 - CONTROL NUMBER
- control field: 1136225
003 - CONTROL NUMBER IDENTIFIER
- control field: OSt
005 - DATE AND TIME OF LATEST TRANSACTION
- control field: 20260320201905.0
008 - FIXED-LENGTH DATA ELEMENTS
- fixed length control field: 260320|| aca||aabn | a|a d
040 ## - CATALOGING SOURCE
- Original cataloging agency: OSt
- Transcribing agency: OSt
100 ## - HEADING--PERSONAL NAME
- Personal name: Turnquist
670 ## - SOURCE DATA FOUND
- Source citation: Work cat.: (OSt)1724116: Turnquist, Learning Spring Boot 3.0: Simplify the development of production-grade applications using Java and Spring
